[Event "II Torneio STD Chess Capivara do PAXC"]
[Site "Paulo Afonso-BA"]
[Date "2016.10.08"]
[Round "5.2"]
[White "Santos, Erisvaldo De Lima"]
[Black "Antunes, Thiago Barrios Ferre"]
[Result "0-1"]
[WhiteElo "1886"]
[BlackElo "1796"]
[Annotator "DEVOS, VALDIMIR"]
[PlyCount "52"]
[EventDate "2016.10.04"]

1. e4 c6 2. Qf3 d5 3. e5 e6 4. d4 Nd7 5. c3 c5 6. Qg3 cxd4 7. cxd4 Ne7 8. Bd3
Qb6 9. Ne2 Nb8 10. f4 Nbc6 11. Be3 Qxb2 12. Nd2 Qxa1+ 13. Bb1 Nf5 14. Qf2 Nxe3
15. Qxe3 Bb4 16. O-O Qb2 17. Nb3 Bd7 18. f5 Na5 19. Nxa5 Bxa5 20. Nf4 Rc8 21.
fxe6 fxe6 22. Qh3 Rc1 23. Bd3 Rxf1+ 24. Bxf1 Qxd4+ 25. Kh1 Qxf4 26. Bb5 Qc1+
0-1